000 00902nam a22003257a 4500
001 BR0702277
003 BR-BrBNA
005 20230928102413.0
007 ta
008 230509b bl.||||| |||| 00| 0 por d
040 _aBR-BrBNA
_bpor
_cBiblioteca Nacional de Agricultura
041 _a(Por)
072 _aE16; E70; E71
_b5212
_b9702
090 _ 5212 BR0702277
110 1 _aBolsa de Mercadorias Futuros, São Paulo, SP (Brasil)
245 1 _aBoi gordo e bezerro; estatísticas dos mercados físico e futuro BM F
260 3 _aSão Paulo, SP (Brasil):
_c2005.
300 _a69 p.
500 _aNumerical data
650 _aBOVINO
650 _aBEZERRO
650 _aCARNE
650 _aESTATÍSTICA DE PRODUÇÃO
650 _aCONTRATO
650 _aEXPORTAÇÃO
650 _aCUSTO DE PRODUÇÃO
650 _aPREÇO
909 _a202309
_bLucia
_c55
_dLucia Elande
942 _cBK
999 _c70607
_d70607